[Event "Hazel Park (MCO/6/29)"]
[Site "?"]
[Date "1987.??.??"]
[Round "?"]
[White "McCarter, Robert"]
[Black "Peak, F.."]
[Result "1-0"]
[WhiteElo "1630"]
[BlackElo "1605"]
[PlyCount "109"]
[EventDate "1987.??.??"]

{6/(29)} 1. d4 Nf6 2. Nf3 g6 3. Bg5 Bg7 4. Nbd2 d5 5. e3 O-O 6. h3 Nbd7 7. Bd3
Re8 8. O-O e5 9. dxe5 Nxe5 10. Nxe5 Rxe5 11. Bf4 Re8 12. c3 Nh5 13. Bh2 c6 14.
Nf3 f5 15. Qc2 Nf6 16. Rad1 Ne4 17. Nd2 Qg5 18. Bf4 Qf6 19. Rfe1 Be6 20. Nf3
Bc8 21. Bxe4 fxe4 22. Nd4 Rf8 23. b3 g5 24. Bg3 h5 25. Rf1 g4 26. h4 Rf7 27. c4
Be6 28. Nxe6 Qxe6 29. cxd5 cxd5 30. Qd2 Rd8 31. Rc1 d4 32. exd4 Bh6 33. Qa5 b6
34. Qxh5 Bxc1 35. Rxc1 e3 36. Qg5+ Kh7 37. Qxd8 exf2+ 38. Kf1 Qe3 39. Rd1 Qxg3
40. Qd5 Qc7 41. Qh5+ Kg7 42. Qxg4+ Kf8 43. Qh3 Qb7 44. d5 Qa6+ 45. Qd3 Qxa2 46.
d6 Rd7 47. Qf3+ Ke8 48. Qxf2 Rf7 49. Qxf7+ Kxf7 50. d7 Qa6+ 51. Kf2 Qa2+ 52.
Kg1 Qe2 53. d8=Q Qe3+ 54. Kh1 Qe4 55. Rf1+ 1-0

[Event "Hazel Park (MCO/1/11)"]
[Site "?"]
[Date "1987.??.??"]
[Round "?"]
[White "McCarter, Robert"]
[Black "Kulbacki, James"]
[Result "0-1"]
[WhiteElo "1630"]
[BlackElo "2130"]
[PlyCount "114"]
[EventDate "1987.??.??"]

{1/(11)} 1. d4 f5 2. Nf3 e6 3. Bf4 Nf6 4. e3 b6 5. Be2 Bb7 6. O-O Be7 7. h3 O-O
8. c4 Ne4 9. Nbd2 d6 10. Rc1 Nd7 11. Qb3 Kh8 12. Bh2 Nxd2 13. Nxd2 e5 14. Bf3
Bxf3 15. Nxf3 Bf6 16. Rfd1 Qe7 17. Qc2 g6 18. dxe5 dxe5 19. b4 c5 20. bxc5 Nxc5
21. Rd5 e4 22. Bd6 Qf7 23. Bxf8 Rxf8 24. Nd2 Nd3 25. Rb1 Rc8 26. Qb3 Qc7 27.
Qb5 Bh4 28. Rxd3 exd3 29. Nf3 Bf6 30. Rd1 Qxc4 31. Qxc4 Rxc4 32. Rxd3 Ra4 33.
Rd2 Kg8 34. Kf1 Kf7 35. Nd4 Bxd4 36. exd4 Ke6 37. Ke2 Kd5 38. Ke3 g5 39. g3 b5
40. f3 a5 41. h4 h6 42. hxg5 hxg5 43. f4 g4 44. Kf2 Rxd4 45. Re2 Kd6 46. Re8
Rd2+ 47. Ke3 Rxa2 48. Re5 b4 49. Rxf5 b3 50. Rb5 a4 51. f5 b2 52. Kd3 Ra3+ 53.
Kc2 Rxg3 54. Rb4 Rb3 55. Rd4+ Ke5 56. Rd1 b1=Q+ 57. Rxb1 Rxb1 0-1

[Event "Hazel Park (MCO/3/24)"]
[Site "?"]
[Date "1987.??.??"]
[Round "?"]
[White "McCarter, Robert"]
[Black "Brady, Lindell"]
[Result "0-1"]
[WhiteElo "1630"]
[BlackElo "1875"]
[PlyCount "139"]
[EventDate "1987.??.??"]

{3/(24)} 1. d4 Nf6 2. Nf3 e6 3. Bf4 d5 4. e3 Bd6 5. Bxd6 Qxd6 6. a3 Nbd7 7. c4
dxc4 8. Bxc4 c5 9. O-O cxd4 10. Qxd4 Qxd4 11. Nxd4 O-O 12. Nb5 Ne5 13. Be2 Bd7
14. Nd6 Bc6 15. f4 Ng6 16. Nc3 Rfd8 17. Rad1 Nd5 18. Nxd5 Bxd5 19. Nb5 Ne7 20.
Nc3 Bb3 21. Rxd8+ Rxd8 22. Bd1 Bxd1 23. Rxd1 Rxd1+ 24. Nxd1 Nd5 25. Kf2 Kf8 26.
g3 Ke7 27. e4 Nf6 28. Ne3 Nxe4+ 29. Ke2 Nf6 30. Kd3 Nd5 31. Nc4 f6 32. Kd4 b6
33. h4 g6 34. a4 Kd7 35. b3 Ne7 36. Ke4 Nf5 37. g4 Nxh4 38. Ne3 h6 39. g5 hxg5
40. fxg5 fxg5 41. Ke5 Ke7 42. Ke4 Nf5 43. Ng4 Nd6+ 44. Ke5 Nf7+ 45. Ke4 Kd6 46.
Kd4 e5+ 47. Kc4 a6 48. b4 Kc6 49. b5+ axb5+ 50. axb5+ Kd6 51. Ne3 Ke6 52. Kd3
Nd6 53. Kd2 Nxb5 54. Nc4 Kf5 55. Nxb6 Kf4 56. Nd5+ Kf3 57. Ne7 Kf2 58. Nxg6 e4
59. Ne5 e3+ 60. Kc1 e2 61. Nd3+ Kf1 62. Kd2 Nd4 63. Ke3 Ne6 64. Kf3 e1=Q 65.
Nxe1 Kxe1 66. Kg4 Kf2 67. Kf5 Kf3 68. Kg6 g4 69. Kh5 g3 70. Kh4 0-1

[Event "Hazel Park (MCO/5/4)"]
[Site "?"]
[Date "1987.??.??"]
[Round "?"]
[White "Mazuchowski, Tom"]
[Black "Turner, George"]
[Result "0-1"]
[WhiteElo "2120"]
[BlackElo "2130"]
[PlyCount "64"]
[EventDate "1987.??.??"]

{5/(4)} 1. Nf3 Nf6 2. d4 g6 3. b3 Bg7 4. Bb2 d5 5. e3 O-O 6. Be2 Bg4 7. O-O
Nbd7 8. h3 Bxf3 9. Bxf3 c6 10. Nd2 Ne8 11. c4 Nc7 12. Rc1 e6 13. Ba3 Re8 14.
Bd6 Nb6 15. Bxc7 Qxc7 16. cxd5 exd5 17. b4 Qe7 18. Qb3 a6 19. a4 Bf8 20. Rb1
Qd7 21. b5 cxb5 22. axb5 a5 23. Rfc1 Bb4 24. Qd3 Rec8 25. Be2 Rxc1+ 26. Rxc1
Rc8 27. Rxc8+ Qxc8 28. e4 Qc3 29. Nf3 Qxd3 30. Bxd3 a4 31. exd5 a3 32. Bb1 Nxd5
0-1

[Event "Hazel Park (MCO/1/12)"]
[Site "?"]
[Date "1987.??.??"]
[Round "?"]
[White "Mazuchowski, Tom"]
[Black "Traves, W.."]
[Result "1-0"]
[WhiteElo "2120"]
[BlackElo "1775"]
[PlyCount "149"]
[EventDate "1987.??.??"]

{1/(12)} 1. Nf3 Nf6 2. d4 g6 3. b3 Bg7 4. Bb2 c5 5. d5 d6 6. e3 a6 7. a4 Nbd7
8. Be2 b6 9. O-O Rb8 10. c4 O-O 11. Na3 Bb7 12. Qc2 Re8 13. Rad1 Qc7 14. h3
Rbd8 15. Nh2 e5 16. e4 Bc8 17. Bc1 h6 18. Be3 Kh7 19. g4 Nf8 20. Kg2 Qd7 21. f3
h5 22. Qd2 Ng8 23. Rh1 f6 24. Nf1 h4 25. Qe1 g5 26. Bd2 a5 27. Ne3 Nh6 28. Nf5
Nxf5 29. gxf5 Bh6 30. Bd3 Ba6 31. Nc2 Qg7 32. Ne3 Nd7 33. Ng4 Rg8 34. Kh2 Rdf8
35. Rg1 Bb7 36. Be3 Ra8 37. Rd2 Ba6 38. Rdg2 Rae8 39. Bf2 Bb7 40. Kh1 Ba6 41.
Ne3 Qh8 42. Rg4 Ref8 43. Ng2 Bc8 44. Be3 Nb8 45. Nxh4 Rf7 46. Ng6 Rxg6 47.
fxg6+ Kxg6 48. R4g3 Rh7 49. Kg2 Kf7 50. Rh1 Bf8 51. Qf1 Na6 52. Rg4 Nc7 53. Qf2
Ne8 54. Qg3 Ng7 55. Kf2 Nh5 56. Qg2 Nf4 57. Bxf4 gxf4 58. Bf1 Rg7 59. Rxg7+
Qxg7 60. Qh2 Qh7 61. h4 Bh6 62. Bh3 f5 63. Qg2 Kf6 64. Kg1 Bd7 65. Kh2 Bf8 66.
Qg5+ Kf7 67. exf5 Qh6 68. Rg1 Qxg5 69. hxg5 Be8 70. Bg4 Kg7 71. Kh3 Kg8 72. Kh4
Bf7 73. Bh5 Be7 74. f6 Bxh5 75. Kxh5 1-0

[Event "Hazel Park (MCO/3/8)"]
[Site "?"]
[Date "1987.??.??"]
[Round "?"]
[White "Mazuchowski, Tom"]
[Black "Eagle, Chris"]
[Result "1/2-1/2"]
[WhiteElo "2120"]
[BlackElo "1975"]
[PlyCount "95"]
[EventDate "1987.??.??"]

{3/(8)} 1. Nf3 c5 2. b3 Nf6 3. Bb2 e6 4. e3 Nc6 5. Be2 d5 6. d4 b6 7. O-O Bd6
8. Ne5 Qc7 9. f4 O-O 10. Nd2 Ne7 11. Bd3 Nf5 12. Qe2 Bxe5 13. fxe5 Ne8 14. g4
Ne7 15. Rf2 f5 16. exf6 gxf6 17. Raf1 cxd4 18. exd4 Ng6 19. Ba3 Rf7 20. g5 e5
21. Bxg6 hxg6 22. dxe5 f5 23. Nf3 Ng7 24. Qd2 Qd7 25. c4 dxc4 26. bxc4 Ba6 27.
Qc3 Qc6 28. Re1 Ne6 29. Nh4 Kg7 30. Qf3 Qxf3 31. Nxf3 Bxc4 32. Rd2 Rd8 33. Red1
Rxd2 34. Rxd2 a5 35. h4 b5 36. Nd4 Nxd4 37. Rxd4 Bxa2 38. Bb2 Re7 39. e6 Bxe6
40. Rb4+ Kf7 41. Rxb5 Rd7 42. Rb8 a4 43. Ba3 Rd3 44. Rf8+ Kg7 45. Be7 a3 46.
Ra8 a2 47. Bf6+ Kf7 48. Kf2 1/2-1/2

[Event "East Detroit (MEX/1)"]
[Site "?"]
[Date "1987.??.??"]
[Round "?"]
[White "Mason, D.."]
[Black "Noren, Kevin"]
[Result "0-1"]
[WhiteElo "2085"]
[BlackElo "2185"]
[PlyCount "68"]
[EventDate "1987.??.??"]

1. d4 e6 2. g3 f5 3. Bg2 Nf6 4. Nf3 Be7 5. O-O O-O 6. Bg5 d6 7. c4 Qe8 8. Nc3
Qg6 9. e4 fxe4 10. Bxf6 exf3 11. Bxe7 fxg2 12. Bxf8 gxf1=Q+ 13. Qxf1 Kxf8 14.
Re1 Nc6 15. d5 Nd4 16. f4 exd5 17. Qf2 c5 18. Nxd5 Bg4 19. Re3 Re8 20. Rxe8+
Qxe8 21. Qe3 Qxe3+ 22. Nxe3 Bf3 23. Kf2 Bc6 24. g4 Ke7 25. h4 a6 26. h5 b5 27.
cxb5 axb5 28. g5 Be4 29. Ng4 Bf3 30. Ne3 Bxh5 31. b4 Bf7 32. bxc5 dxc5 33. a3
Kd6 34. Nd1 Nc2 0-1

[Event "East Detroit (MEX/3)"]
[Site "?"]
[Date "1987.??.??"]
[Round "?"]
[White "Mason, D.."]
[Black "Kitts, Gary"]
[Result "0-1"]
[WhiteElo "2085"]
[BlackElo "2115"]
[PlyCount "104"]
[EventDate "1987.??.??"]

1. d4 Nf6 2. c4 g6 3. g3 Bg7 4. Bg2 O-O 5. Nc3 d6 6. e4 Nc6 7. Nge2 e5 8. d5
Ne7 9. O-O Nh5 10. Be3 f5 11. Qd2 b6 12. Rac1 Ba6 13. Nb5 fxe4 14. Bxe4 Nf6 15.
Nec3 Bc8 16. Bg2 a6 17. Na3 Nf5 18. f4 Ng4 19. Nc2 Ngxe3 20. Nxe3 exf4 21. Nxf5
Bxf5 22. gxf4 Qf6 23. b3 Rae8 24. Ne2 Qb2 25. Qxb2 Bxb2 26. Rce1 Bd3 27. Bf3
Bf6 28. Bg4 Bh4 29. Be6+ Kg7 30. Ng3 Bxf1 31. Rxf1 Bxg3 32. hxg3 c5 33. Kg2 Re7
34. Rf2 b5 35. Rb2 Rb8 36. cxb5 axb5 37. b4 c4 38. Kf3 Ra8 39. Ke4 Rea7 40. Kd4
Rxa2 41. Rxa2 Rxa2 42. Bd7 Rd2+ 43. Kc3 Rd3+ 44. Kc2 Rxg3 45. Bxb5 Rb3 46. Bxc4
Rxb4 47. Kc3 Rxc4+ 48. Kxc4 Kf6 49. Kd4 Kf5 50. Ke3 h5 51. Kf3 h4 52. Ke3 Kg4
0-1

[Event "Lansing (MI Op/4/21)"]
[Site "?"]
[Date "1987.??.??"]
[Round "?"]
[White "Mason, D.."]
[Black "Handelsman, B.."]
[Result "1-0"]
[WhiteElo "2065"]
[BlackElo "1905"]
[PlyCount "47"]
[EventDate "1987.??.??"]

{4/(21)} 1. d4 Nf6 2. g3 g6 3. Bg2 d5 4. c4 e6 5. Bg5 Bg7 6. Nc3 c6 7. Nf3 O-O
8. O-O Nbd7 9. Qc2 h6 10. Bf4 Ng4 11. Rfd1 Qe7 12. e4 e5 13. dxe5 dxc4 14. e6
Qxe6 15. Bh3 Ndf6 16. Bd6 Re8 17. e5 Nd5 18. Nd4 Nge3 19. Bxe6 Nxc2 20. Bxc8
Nxc3 21. bxc3 Nxa1 22. Bxb7 Bxe5 23. Bxe5 Rxe5 24. Bxa8 1-0

[Event "Lansing (MI Op/6/18)"]
[Site "?"]
[Date "1987.??.??"]
[Round "?"]
[White "Mason, D.."]
[Black "Dmuchowski, Frank"]
[Result "1/2-1/2"]
[WhiteElo "2065"]
[BlackElo "1775"]
[PlyCount "143"]
[EventDate "1987.??.??"]

{6/(18)} 1. d4 Nf6 2. g3 e6 3. c4 d5 4. Bg2 b6 5. Nf3 Bb7 6. O-O Be7 7. Nc3
dxc4 8. Qa4+ Qd7 9. Qxc4 Qc6 10. Qd3 O-O 11. Bf4 Bd6 12. Bg5 Be7 13. Rac1 Qe8
14. Rfd1 Qd8 15. e4 h6 16. Bf4 Na6 17. Ne5 c5 18. d5 exd5 19. exd5 Bd6 20. Nc6
Bxc6 21. Bxd6 Qxd6 22. Qxa6 Bd7 23. Nb5 Bxb5 24. Qxb5 Rfd8 25. Rc3 a6 26. Qc4
Ra7 27. a4 a5 28. Rcd3 Nd7 29. Qb5 Nf6 30. h3 Rad7 31. Rb3 Rb8 32. Rbd3 Rbd8
33. Qb3 Rc7 34. Qc4 Rcd7 35. Bf3 Qc7 36. Kg2 Rd6 37. R1d2 Re8 38. Re2 Qd8 39.
Rxe8+ Nxe8 40. Re3 Nf6 41. Rd3 Ne8 42. Kg1 Nc7 43. Bg2 Qf6 44. Qe4 Qd8 45. f4
Qe8 46. Kf2 Qxe4 47. Bxe4 g6 48. g4 Kg7 49. Ke3 f6 50. Kd2 Ne8 51. Re3 Nc7 52.
Rd3 Kf7 53. Kc3 Ne8 54. Re3 Nc7 55. Kc4 Kg7 56. Bf3 Kf7 57. h4 Ne8 58. Be4 Nc7
59. Bf3 Ne8 60. Re2 Ng7 61. h5 gxh5 62. gxh5 Nf5 63. Re6 Rxe6 64. dxe6+ Ke7 65.
Kb5 Nd4+ 66. Kxb6 Nxf3 67. Kxa5 Nd4 68. Kb6 Nxe6 69. a5 Kd6 70. a6 Nc7 71. a7
c4 72. Kb7 1/2-1/2

[Event "Lansing (MI Op/2/1)"]
[Site "?"]
[Date "1987.??.??"]
[Round "?"]
[White "Mason, D.."]
[Black "Czuhai, Kevin"]
[Result "1/2-1/2"]
[WhiteElo "2065"]
[BlackElo "2275"]
[PlyCount "87"]
[EventDate "1987.??.??"]

{2/(1)} 1. d4 Nf6 2. g3 g6 3. Bg2 Bg7 4. e4 O-O 5. e5 Ne8 6. Nf3 d6 7. O-O Nc6
8. exd6 Qxd6 9. c3 Bg4 10. Bf4 e5 11. dxe5 Qxd1 12. Rxd1 Nxe5 13. Nbd2 Nd3 14.
Nc4 Nxf4 15. gxf4 f6 16. Re1 c6 17. h3 Bd7 18. Rad1 Rf7 19. Nd4 Kf8 20. Ne6+
Bxe6 21. Rxe6 Rc8 22. Rde1 Rd7 23. Kh2 Nc7 24. Rd6 Rcd8 25. Red1 Nd5 26. Rxd7
Rxd7 27. Ne3 Nb6 28. Rxd7 Nxd7 29. f5 Ne5 30. Be4 Bh6 31. Ng4 Bf4+ 32. Kg2 Nxg4
33. hxg4 g5 34. Kf3 Bc1 35. b3 Bb2 36. c4 Ke7 37. Ke2 Kd6 38. f3 Kc5 39. Kd3
Kb4 40. Kc2 Ka3 41. Kb1 Bd4 42. Bd3 a5 43. Be2 Kb4 44. Kc2 1/2-1/2

[Event "Hazel Park (MCO/5/32)"]
[Site "?"]
[Date "1987.??.??"]
[Round "?"]
[White "Maloy, Mickey"]
[Black "Revenaugh, J.."]
[Result "1-0"]
[WhiteElo "2730"]
[BlackElo "1605"]
[PlyCount "25"]
[EventDate "1987.??.??"]

{5/(32)} 1. e4 c6 2. d4 d5 3. Nc3 dxe4 4. Nxe4 Bf5 5. Ng3 Bg6 6. h4 h5 7. Nf3
e6 8. Ne5 Bd6 9. Nxg6 fxg6 10. Bd3 Ne7 11. Bg5 Bxg3 12. fxg3 Qxd4 13. Bxg6+ 1-0

[Event "Hazel Park (MCO/2/19)"]
[Site "?"]
[Date "1987.??.??"]
[Round "?"]
[White "Maloy, Mickey"]
[Black "Dangremond, Leonard"]
[Result "0-1"]
[WhiteElo "1720"]
[BlackElo "1995"]
[PlyCount "88"]
[EventDate "1987.??.??"]

{2/(19)} 1. e4 e5 2. Nf3 Nc6 3. Bb5 a6 4. Ba4 Nf6 5. O-O Be7 6. Re1 b5 7. Bb3
d6 8. h3 Na5 9. c3 Nxb3 10. axb3 c5 11. d4 Qc7 12. Na3 O-O 13. Nxb5 Qb7 14. Na3
exd4 15. cxd4 Nxe4 16. Nc4 d5 17. Na5 Qc7 18. dxc5 Bxc5 19. Qxd5 Bxf2+ 20. Kf1
Bxe1 21. Qxe4 Bxa5 22. Ng5 g6 23. Qh4 h5 24. Ne4 Qe5 25. Rxa5 Qxa5 26. Nf6+ Kg7
27. Qd4 Qf5+ 28. Kg1 Qxf6 29. Bh6+ Kxh6 30. Qxf6 Be6 31. g4 hxg4 32. hxg4 Bxg4
33. Qf4+ Kg7 34. Qxg4 f6 35. Qd7+ Rf7 36. Qc6 Raa7 37. b4 Rfd7 38. b5 Rac7 39.
Qxa6 g5 40. b6 Rc2 41. Qa1 Re2 42. Kf1 Ree7 43. Qa5 Rb7 44. Qa6 Rb8 0-1

[Event "Hazel Park (MCO/6/17)"]
[Site "?"]
[Date "1987.??.??"]
[Round "?"]
[White "Maloy, Mickey"]
[Black "Coleman, John"]
[Result "1-0"]
[WhiteElo "1700"]
[BlackElo "1905"]
[PlyCount "65"]
[EventDate "1987.??.??"]

{6/(17)} 1. e4 c6 2. d4 d5 3. Nc3 dxe4 4. Nxe4 Bf5 5. Ng3 Bg6 6. h4 h6 7. Nf3
Nd7 8. h5 Bh7 9. Bd3 Bxd3 10. Qxd3 Ngf6 11. Bd2 Qc7 12. O-O-O O-O-O 13. Ne2 e6
14. Kb1 Ng4 15. Be3 Nxe3 16. fxe3 Be7 17. Qb3 Nf6 18. c4 Ne4 19. Rhf1 Bf6 20.
d5 exd5 21. cxd5 c5 22. Qa4 Qb6 23. Qc2 Kb8 24. Nd2 Nd6 25. Nc3 Nb5 26. Nxb5
Qxb5 27. Ne4 Be5 28. Rxf7 c4 29. Nc3 Qb6 30. e4 Bf6 31. Qd2 Qd6 32. Nb5 Qc5 33.
Qf4+ 1-0

[Event "Lansing (MI Op/6/30)"]
[Site "?"]
[Date "1987.??.??"]
[Round "?"]
[White "Lynch, W.."]
[Black "Schweikert, G.."]
[Result "1-0"]
[WhiteElo "1795"]
[BlackElo "1925"]
[PlyCount "39"]
[EventDate "1987.??.??"]

{6/(30)} 1. d4 e6 2. c4 d5 3. Nc3 c5 4. cxd5 exd5 5. e3 Nf6 6. dxc5 Bxc5 7.
Nge2 Nc6 8. g3 O-O 9. Bg2 Bg4 10. Nxd5 Ne5 11. Nxf6+ Qxf6 12. O-O Rfd8 13. Qc2
Rac8 14. Nc3 Rd3 15. e4 Bf3 16. Bf4 Rcd8 17. Nd5 Qc6 18. Bxe5 R8xd5 19. exd5
Qxd5 20. Bxf3 1-0

[Event "Lansing (MI Op/2/37)"]
[Site "?"]
[Date "1987.??.??"]
[Round "?"]
[White "Lynch, W.."]
[Black "Schoonmaker, John"]
[Result "1/2-1/2"]
[WhiteElo "1795"]
[BlackElo "1895"]
[PlyCount "115"]
[EventDate "1987.??.??"]

{2/(37)} 1. d4 d5 2. c4 e6 3. Nc3 Nf6 4. cxd5 exd5 5. Bg5 Be7 6. e3 O-O 7. Bd3
c6 8. Qc2 h6 9. Bh4 Be6 10. Nge2 b5 11. O-O a5 12. Bxf6 Bxf6 13. a3 Na6 14. Nf4
Bd7 15. Rfc1 Rc8 16. Na4 Be7 17. Qe2 Nb8 18. Nc5 Bxc5 19. Rxc5 Na6 20. Rcc1 Nc7
21. Bb1 Ne6 22. Qd3 f5 23. Ng6 Rf6 24. Ne5 Be8 25. b4 a4 26. Ra2 Ng5 27. Rac2
Nf7 28. f4 Nxe5 29. fxe5 Rf8 30. Rf2 Bd7 31. Qf1 Qg5 32. Rf3 h5 33. Rg3 Qh6 34.
Qf4 Qh7 35. Qg5 Rf7 36. Qg6 Qxg6 37. Rxg6 Kh7 38. Rd6 Re8 39. Rf1 g6 40. Rf3
Re6 41. Rxe6 Bxe6 42. Rg3 Kh6 43. h4 Bd7 44. Kf2 Be8 45. Kf3 Kg7 46. Kf4 Bd7
47. Bd3 Kh6 48. Rf3 Rg7 49. Rg3 Re7 50. Be2 Be6 51. Rh3 Kg7 52. Kg5 Kf7 53. Rh1
Bd7 54. Bf3 Be8 55. Rc1 Ke6 56. Rc5 Ra7 57. Rc1 Re7 58. Rh1 1/2-1/2

[Event "Hazel Park (MCO/2/30)"]
[Site "?"]
[Date "1987.??.??"]
[Round "?"]
[White "Lynch, W.."]
[Black "Peak, F.."]
[Result "1/2-1/2"]
[WhiteElo "1755"]
[BlackElo "1605"]
[PlyCount "50"]
[EventDate "1987.??.??"]

{2/(30)} 1. d4 Nf6 2. c4 g6 3. Nc3 d5 4. Bg5 c6 5. e3 Bg7 6. Bd3 O-O 7. cxd5
cxd5 8. Rc1 Nc6 9. Qc2 Nb4 10. Qe2 Nxd3+ 11. Qxd3 Bf5 12. Qb5 Rc8 13. Nge2 b6
14. Bxf6 Bxf6 15. Nxd5 Rxc1+ 16. Nxc1 Bg7 17. O-O e5 18. dxe5 Bxe5 19. Rd1 Kh8
20. Ne2 Bg4 21. f3 Be6 22. Nec3 Qh4 23. Nf4 Bxf4 24. exf4 Qxf4 25. Qa6 Qc7
1/2-1/2

[Event "Hazel Park (MCO/1/42)"]
[Site "?"]
[Date "1987.??.??"]
[Round "?"]
[White "Lynch, W.."]
[Black "Naidovich, A.."]
[Result "1/2-1/2"]
[WhiteElo "1755"]
[BlackElo "1605"]
[PlyCount "105"]
[EventDate "1987.??.??"]

{1/(42)} 1. d4 d5 2. c4 Nf6 3. Nc3 c6 4. Nf3 dxc4 5. a4 Na6 6. e4 e6 7. Bxc4
Bb4 8. Bxa6 bxa6 9. Qc2 h6 10. O-O Bb7 11. Be3 a5 12. Rac1 O-O 13. Ne5 Qd6 14.
Nc4 Qd7 15. Rfd1 Qe7 16. Kh1 Ba6 17. Ne5 Bb7 18. Na2 Rfc8 19. f3 a6 20. Qf2 Qf8
21. Qg3 Nh5 22. Qh4 Nf6 23. Bxh6 gxh6 24. Qxf6 Be7 25. Qf4 Bg5 26. Qg3 Qg7 27.
Rc5 f6 28. Nd3 Rd8 29. f4 Rxd4 30. fxg5 hxg5 31. Nc3 e5 32. Rxa5 Qc7 33. Qe3
Qxa5 34. Ne2 Rxa4 35. Nc3 Rd4 36. Qh3 Re8 37. Qh5 Kg7 38. Ne2 Rh8 39. Qf3 Rd6
40. Ng3 Kf8 41. Nf5 Re6 42. Nf2 Bc8 43. Qe3 c5 44. Qd3 Qc7 45. Ng4 Kf7 46.
Ngh6+ Kg6 47. Ng4 Qb6 48. b3 a5 49. Kg1 Ree8 50. Qc4 Be6 51. Qd3 Bxb3 52. Qd7
Bf7 53. Nd6 {[Remainder illegible; 1/2-1/2, 58?]} 1/2-1/2

[Event "Lansing (MI Op/4/37)"]
[Site "?"]
[Date "1987.??.??"]
[Round "?"]
[White "Lynch, W.."]
[Black "Bolda, M.."]
[Result "1-0"]
[WhiteElo "1795"]
[BlackElo "1840"]
[PlyCount "81"]
[EventDate "1987.??.??"]

{4/(37)} 1. d4 Nf6 2. c4 e5 3. dxe5 Ng4 4. Nf3 Bc5 5. e3 Nc6 6. a3 a5 7. b3
Ngxe5 8. Nxe5 Nxe5 9. Bb2 Qe7 10. Nc3 c6 11. Be2 d6 12. Ne4 Nxc4 13. Bxg7 Qxe4
14. Bf3 Qe7 15. Bxh8 Bxe3 16. fxe3 Nxe3 17. Qe2 Nc2+ 18. Kf2 Qxe2+ 19. Kxe2
Nxa1 20. Bxa1 Be6 21. Kd2 Bxb3 22. Rb1 a4 23. Bf6 Kd7 24. Re1 Re8 25. Bg4+ Be6
26. Bd1 b5 27. Bc2 Rg8 28. g3 h6 29. Kc3 c5 30. Bd3 Kc6 31. Rb1 c4 32. Bh7 Rg4
33. Bc2 d5 34. Re1 Kc5 35. Re5 Rg8 36. Rh5 Rg4 37. Bb1 Bd7 38. Be7+ Kc6 39.
Rxh6+ Be6 40. Bf6 Kc5 41. Rh5 1-0

[Event "Hazel Park (MCO/5/3)"]
[Site "?"]
[Date "1987.??.??"]
[Round "?"]
[White "Lindsay, F.."]
[Black "Wilson, Vester"]
[Result "1-0"]
[WhiteElo "2425"]
[BlackElo "2065"]
[PlyCount "71"]
[EventDate "1987.??.??"]

{5/(3)} 1. d4 d5 2. c4 dxc4 3. Nf3 a6 4. e3 Be6 5. Ng5 Qd7 6. Nc3 c6 7. Na4 Bg4
8. f3 Qc7 9. fxg4 Qa5+ 10. Bd2 Qxg5 11. Nb6 Ra7 12. Bxc4 Nf6 13. Qb3 e6 14. Nc8
Bd6 15. Nxd6+ Ke7 16. Qb6 Ra8 17. Qxb7+ Nbd7 18. Nf5+ exf5 19. Bb4+ Kd8 20.
Qxa8+ Kc7 21. Qa7+ Kd8 22. Bd6 Qxe3+ 23. Be2 Nd5 24. Qa8+ Nb8 25. Bxb8 Ke7 26.
Qb7+ Kd8 27. Qxc6 Re8 28. Qxd5+ Kc8 29. Be5 Re7 30. Qc6+ Kd8 31. Rc1 Rd7 32.
Qb6+ Ke7 33. Qb4+ Ke6 34. Rc6+ Kd5 35. Rd6+ Ke4 36. Qd2 1-0

[Event "Hazel Park (MCO/1/2)"]
[Site "?"]
[Date "1987.??.??"]
[Round "?"]
[White "Lindsay, F.."]
[Black "Pentescu, S.."]
[Result "1-0"]
[WhiteElo "2425"]
[BlackElo "1700"]
[PlyCount "74"]
[EventDate "1987.??.??"]

{1/(2)} 1. c4 Nf6 2. Nc3 c5 3. Nf3 Nc6 4. d4 cxd4 5. Nxd4 e6 6. Ndb5 a6 7. Nd6+
Bxd6 8. Qxd6 Qe7 9. Bf4 Nh5 10. Qxe7+ Kxe7 11. Bc7 Nf6 12. O-O-O Ne8 13. Bb6 d6
14. e4 Nb8 15. c5 Nd7 16. cxd6+ Nxd6 17. Bc7 Ne8 18. Ba5 f6 19. f4 Kf7 20. Bc4
b5 21. Bb3 Nc5 22. Bc2 Nb7 23. Bb6 Ned6 24. b3 Re8 25. e5 Nf5 26. Kb2 Ne7 27.
Be4 f5 28. Bf3 Kg8 29. Rd4 Rb8 30. Rc1 Ng6 31. Bc7 Ra8 32. g3 Ne7 33. a3 Kf7
34. Bb6 Rb8 35. Bc7 Ra8 36. Na2 Kg8 37. Nb4 Kf7 $138 1-0

[Event "Hazel Park (MCO/3/2)"]
[Site "?"]
[Date "1987.??.??"]
[Round "?"]
[White "Lindsay, F.."]
[Black "Mellen, Steve"]
[Result "1-0"]
[WhiteElo "2425"]
[BlackElo "2055"]
[PlyCount "81"]
[EventDate "1987.??.??"]

{3/(2)} 1. Nf3 Nf6 2. c4 g6 3. Nc3 Bg7 4. e4 d6 5. d4 O-O 6. Be2 e5 7. dxe5
dxe5 8. Qxd8 Rxd8 9. Bg5 h6 10. Bxf6 Bxf6 11. Nd5 Nd7 12. O-O-O Bg7 13. Nxc7
Rb8 14. Rd5 Rf8 15. Nd2 Nb6 16. Rd6 Na4 17. Kc2 Nc5 18. b4 Ne6 19. Nxe6 Bxe6
20. Rd3 Rfc8 21. Rc3 b6 22. a3 Bf8 23. h3 f5 24. Bf3 b5 25. c5 a5 26. Ra1 Ra8
27. Rb1 Be7 28. g4 Ra7 29. exf5 gxf5 30. gxf5 Bxf5+ 31. Be4 Bxe4+ 32. Nxe4 Rf8
33. Rg3+ Kh7 34. Rbb3 Bh4 35. Rgf3 Rfa8 36. Nd6 axb4 37. axb4 Ra1 38. Nxb5
R1a2+ 39. Rb2 Rxb2+ 40. Kxb2 Rb8 41. c6 1-0

[Event "USA-chJ"]
[Site "USA"]
[Date "1987.??.??"]
[Round "?"]
[White "Lief, Adam"]
[Black "Finegold, Ben"]
[Result "0-1"]
[WhiteElo "2280"]
[BlackElo "2345"]
[PlyCount "104"]
[EventDate "1987.??.??"]

1. d4 d5 2. c4 Nc6 3. Nf3 Bg4 4. cxd5 Bxf3 5. gxf3 Qxd5 6. e3 e5 7. Nc3 Bb4 8.
Bd2 Bxc3 9. bxc3 exd4 10. cxd4 Nge7 11. Be2 O-O-O 12. Qb3 Rhe8 13. Rb1 Qxb3 14.
axb3 Ng6 15. Kf1 f5 16. f4 Kb8 17. Rg1 Rd6 18. Rg5 Nce7 19. Bb4 Rf6 20. Rc1 Nd5
21. Bd2 Rg8 22. e4 Ndxf4 23. Bc4 Rgf8 24. e5 Rb6 25. Bxf4 Nxf4 26. Rxg7 Rh6 27.
Kg1 c6 28. Bf1 Rd8 29. Rf7 Rg6+ 30. Kh1 Rdg8 31. h3 Rg1+ 32. Kh2 Nd3 33. Ra1
Nxf2 34. Rf8+ Rxf8 35. Kxg1 Ne4 36. Bg2 Nc3 37. Kf2 Rd8 38. Ke3 a6 39. Rf1 Rg8
40. Bf3 Rg3 41. Kf4 Rxh3 42. Rg1 Rh4+ 43. Kxf5 Nb5 44. Bg4 h5 45. Bd1 Nxd4+ 46.
Kf6 Rf4+ 47. Ke7 Kc7 48. e6 h4 49. Bg4 c5 50. Ke8 Kd6 51. Bh3 Nxe6 52. Rg6 Rf8#
0-1

[Event "Hazel Park (MCO/4/47)"]
[Site "?"]
[Date "1987.??.??"]
[Round "?"]
[White "Lewis, C.."]
[Black "Haney, Mark"]
[Result "1-0"]
[WhiteElo "1605"]
[BlackElo "1605"]
[PlyCount "91"]
[EventDate "1987.??.??"]

{4/(47)} 1. d4 Nf6 2. c4 g6 3. Nf3 Bg7 4. Nc3 d6 5. e3 O-O 6. Bd3 Nbd7 7. O-O
Re8 8. Bd2 e5 9. dxe5 dxe5 10. e4 Nc5 11. Bc2 a5 12. Qe2 c6 13. Be3 b6 14. Rad1
Qc7 15. Qd2 Ba6 16. b3 Rad8 17. Qc1 Ng4 18. Bxc5 bxc5 19. Rxd8 Rxd8 20. Rd1
Rxd1+ 21. Qxd1 Bc8 22. Na4 Bf8 23. h3 Nh6 24. Qd2 Kg7 25. Qe3 Qd6 26. Qc3 f6
27. Qxa5 g5 28. Qd2 Qxd2 29. Nxd2 g4 30. Nb6 Be6 31. hxg4 Nxg4 32. Bd1 h5 33.
Bxg4 hxg4 34. f3 Kg6 35. a4 Bh6 36. Nb1 Be3+ 37. Kf1 gxf3 38. gxf3 f5 39. a5
fxe4 40. fxe4 Kg5 41. Ke2 Kf4 42. Kd3 Bg4 43. a6 Bf3 44. Nd2 Bxd2 45. Kxd2 Kxe4
46. a7 1-0

[Event "Hazel Park (MCO/6/42)"]
[Site "?"]
[Date "1987.??.??"]
[Round "?"]
[White "Lewis, C.."]
[Black "Brewer, R.."]
[Result "1-0"]
[WhiteElo "1605"]
[BlackElo "1605"]
[PlyCount "65"]
[EventDate "1987.??.??"]

{6/(42)} 1. d4 Nf6 2. c4 c5 3. d5 b5 4. e3 e6 5. dxe6 fxe6 6. b3 d6 7. Bb2 Be7
8. Qf3 Qc7 9. Bd3 Bb7 10. Qh3 Qd7 11. Nf3 h6 12. Nbd2 Na6 13. a3 Nc7 14. cxb5
e5 15. Qg3 Nh5 16. Qg6+ Kd8 17. Qxh5 Nxb5 18. Bf5 Qc6 19. Be4 Qb6 20. Nc4 Qc7
21. Bxb7 Qxb7 22. Rd1 Kc7 23. Qf7 Rae8 24. a4 Rhf8 25. Qh5 Nc3 26. Bxc3 Qxb3
27. Ba5+ Kc6 28. Ncxe5+ dxe5 29. Nxe5+ Kb7 30. O-O Ka8 31. Nd7 Rg8 32. Rb1 Qxa4
33. Qd5+ 1-0

[Event "Lansing (MI Op/4/22)"]
[Site "?"]
[Date "1987.??.??"]
[Round "?"]
[White "Levine, H.."]
[Black "Fuller, William"]
[Result "1-0"]
[WhiteElo "2065"]
[BlackElo "1880"]
[PlyCount "79"]
[EventDate "1987.??.??"]

{4/(22)} 1. e4 c5 2. d4 cxd4 3. Nf3 Nc6 4. Nxd4 Nf6 5. Nc3 e6 6. Ndb5 d6 7. Bf4
e5 8. Bg5 a6 9. Bxf6 gxf6 10. Na3 f5 11. Bc4 Bg7 12. Qh5 O-O 13. exf5 Nd4 14.
Bd3 e4 15. Bxe4 Re8 16. O-O-O Qf6 17. Rhe1 Nb5 18. Naxb5 axb5 19. Bd3 Bd7 20.
Rxe8+ Rxe8 21. a3 Rc8 22. Kd2 Rc5 23. Ne4 Qxf5 24. Qh4 Re5 25. Nxd6 Qg5+ 26.
Qxg5 Rxg5 27. g3 Bxb2 28. Ne4 Rd5 29. Rb1 f5 30. Nc3 Bxc3+ 31. Kxc3 Kg7 32. Rb4
Bc6 33. Rd4 Re5 34. Kb4 Re1 35. Bxf5 Rb1+ 36. Kc3 Rf1 37. Rf4 Bd5 38. Bd3 Ra1
39. Kb4 Bc6 40. Kb3 1-0